000 00622nam a2200217Ia 4500
003 OSt
005 20220926014835.0
006 a|||||r|||| 00| 0
007 ta
008 220923b |||||||| |||| 00| 0 eng d
037 _cGeneral Book
040 _aRTL
_cRTL
_beng
041 _2eng
_aeng
082 _aY:1:6.41.N7, L2
100 _aHinton William
245 0 _aTurning point in China
_b An essay on the cultural revolution
260 _aNew York
_bMonthly Review Press
_c1972
300 _a112p
_ccm.
942 _hY:1:6.41.N7, L2
_cGB
_2CC
999 _c629980
_d629980